000 01412nam a2200325 i 4500
003 EG-GICUC
005 20260416084056.0
008 260219s1997 ua ||||fr|||| 00| 0 ara d
040 _a EG-GICUC
_bara
_c EG-GICUC
_d EG-GICUC
_erda
041 _aara
082 0 4 _221
_a343.3062
_bم ج . ن
092 0 4 _221
099 _aLaw1 10 343.3062 م ج . ن 1997
100 0 _aمجدى عبدالحميد زيدان
_eمؤلف.
245 1 0 _aنظام المعلومات الجنائية المصري بين الدواعى الأمنية والضوابط القانونية :
_bدراسة تحليلية /
_cإعداد مجدى عبدالحميد زيدان و إشراف أنور أحمد رسلان.
264 1 _aاكاديمية الشرطة :
_bكلية الدراسات العليا،
_c1997.
300 _a84 صفحة ;
_c24 سم.
336 _2rda content
_atext
337 _2rda media
_aComputer
338 _2rda carrier
_aOnline Resource
504 _aيشتمل على إرجاعات ببليوجرافية.
546 _aالنص باللغة العربية
650 1 _aالقانون الجنائي
650 1 _aقانون الإجراءات الجنائية
_zمصر
650 1 _aالمعلومات الجنائية
700 0 _aأنور أحمد رسلان
_eمشرف.
856 4 0 _uhttps://fll.law.cu.edu.eg/fulltext/bks/B10-08495.pdf
905 _a43
_eYara
942 _2ddc
_n0
_cBK
_e21
999 _c63819
_d63819